Les Plus Grandes Îles au Monde - Statistiques

Statistiques générales
  • Ce quiz a été pris 665 fois
  • Le résultat moyen est 11 sur 25
Statistiques - réponses
Superficie (Km²) Nom de l'île % Correct
7 692 300 Australie
97%
587 295 Madagascar
89%
105 007 Cuba
73%
2 130 800 Groenland (Danemark)
73%
102 828 Islande
69%
84 406 Irlande (Irlande/Royaume-Uni)
64%
126 700 Java (Indonésie)
52%
743 330 Bornéo (Indonésie/Malaisie/Brunei)
51%
229 850 Grande-Bretagne (Royaume-Uni)
46%
227 414 Honshū (Japon)
44%
425 000 Sumatra (Indonésie)
44%
775 210 Nouvelle-Guinée (Indonésie/Papouasie Nouvelle Guinée)
43%
78 073 Okkaido (Japon)
40%
76 480 Hispaniola (Haïti/République Dominicaine)
32%
114 050 Île du Nord (Nouvelle-Zélande)
32%
150 737 Île du Sud (Nouvelle-Zélande)
32%
104 688 Luçon (Philippines)
27%
507 451 Île de Baffin (Canada)
25%
76 400 Sakhaline (Russie)
24%
174 600 Célèbes (Indonésie)
22%
217 291 Île Victoria (Canada)
22%
108 860 Terre-Neuve (Canada)
22%
196 236 Île d'Ellesmere (Canada)
17%
94 630 Mindanao (Philippines)
15%
70 028 Île Banks (Canada)
13%
Aucun quiz correspondant
Distribution des résultats
% des personnes avec chaque résultat
Percentile par nombre de réponses
Votre historique - résultats
Vous n’avez pas pris ce quiz